Žitavsko-hronské listy osvetový, spoločenský a hospodársky týždennik

Bibliographic Details
New Title:Slovenské listy
Other Authors: Mlčuch, Alexander (Publishing director)
Format: Journal
Language:Slovak
PhysicalDescription:4 zv. 38 x 27 cm
Published: Zlaté Moravce A. Kálmár 1930-1933
ISSN:2644-5379
Subjects:

MARC

LEADER 00000cas a2200000 a 4500
001 vtls010298857
003 SK-MaSNL
005 20260228162501.0
008 110809d19301933xo wr|p r 0 b0slo
022 |a 2644-5379 
040 |a SNK  |b slo  |c SNK  |e AACR2 
041 0 |a slo 
043 |a e-xo--- 
044 |a xo  |c SK 
072 7 |a 37  |x Výchova a vzdelávanie  |2 konspekt 
072 7 |a 316  |x Sociológia  |2 konspekt 
080 |a 37.011  |2 2011 
080 |a 316.728  |2 2011 
080 |a (437.6)  |2 2011 
080 |a (051)+(054)(437.6)  |2 2011 
080 |a 050  |2 2011 
210 0 |a Žitavsko-hronské listy 
222 0 |a Žitavsko-hronské listy 
245 0 0 |a Žitavsko-hronské listy  |b osvetový, spoločenský a hospodársky týždennik 
260 |a Zlaté Moravce  |b A. Kálmár  |c 1930-1933  |f Kníhtlačiareň A. Kálmára 
300 |a 4 zv.  |c 38 x 27 cm 
310 |a 1x týždenne 
362 0 |a Roč. I, č. 1 (28.9.1930)-roč. IV, č. 46 (11.11.1933) 
500 |a Vychádza vo formáte 43 x 29 cm ; od č. 40 (2. okt. 1932) 38 x 27 cm 
500 |a Hlav. red. Alexander Mlčuch ; Zodp. red. Alexander Mlčuch 
500 |a Tlač: Kníhtlačiareň A. Kálmára 
500 |a Vychádzal od 28. septembra 1930 do 11. novembra 1933. Od č. 47/1933 vychádzal pod názvom Slovenské listy 
650 0 7 |a osveta  |2 SNKPH  |9 16992 
650 0 7 |a spoločenský život  |2 SNKPH  |9 28654 
651 7 |a Tekov (Slovensko : región)  |2 SNKPHgeo  |9 175633 
655 7 |a regionálne periodiká  |2 SNKPH  |9 131775 
700 1 |a Mlčuch, Alexander  |4 pbd  |9 271211 
710 0 |a Kálmár, A.  |4 pbl  |9 271212 
785 0 0 |t Slovenské listy 
910 |a snk 
999 |c 7945  |d 9875 
952 |0 0  |1 0  |4 0  |7 0  |8 3  |a SNK  |b SNK  |d 2007-01-10  |i snkK 2001/70  |l 0  |o snkČSA 463/4/1933  |p 17A0532257  |r 2026-02-21 20:19:26  |t č. 1-52   |w 2026-02-21  |y PREZ  |z Od č. 47 vychádza pod novým názvom Slovenské listy sign. ČSA 489 
952 |0 0  |1 0  |4 0  |7 0  |a SNK  |b SNK  |d 1998-10-01  |l 0  |o snkČSA 463/2/1931  |p 17A0163905  |r 2005-01-02 00:00:00  |t č. 1-52  |w 2026-02-21  |y PREZ 
952 |0 0  |1 0  |4 0  |7 0  |8 3  |a SNK  |b SNK  |d 2007-09-27  |i snkK 2000/70  |l 0  |o snkČSA 463/3/1932  |p 17A0560791  |r 2026-02-21 21:22:18  |t č. 1-52  |w 2026-02-21  |y PREZ 
952 |0 0  |1 0  |4 0  |7 0  |8 3  |a SNK  |b SNK  |d 2007-09-27  |i snkK 1998/70  |l 0  |o snkČSA 463/1/1930  |p 17A0560886  |r 2026-02-21 21:22:18  |t č. 1-14  |w 2026-02-21  |y PREZ